000 00221nam a22000857a 4500
008 170617b xxu||||| |||| 00| 0 eng d
100 _93496
_aSen. S
245 _aGlobalization & Development
260 _aNew Delhi
_bN. B. T
_c2008
999 _c6879
_d6879